Normal view
MARC view
- Hogg, Margaret K.
Entry Personal Name
001 - CONTROL NUMBER
- control field: 4603
003 - CONTROL NUMBER IDENTIFIER
- control field: URS
005 - DATE AND TIME OF LATEST TRANSACTION
- control field: 20230508094114.0
008 - FIXED-LENGTH DATA ELEMENTS
- fixed length control field: 230508|| aca||aabn | a|a d
040 ## - CATALOGING SOURCE
- Original cataloging agency: URS
100 ## - HEADING--PERSONAL NAME
- Personal name: Hogg, Margaret K.
- Relator term: author